[Event "GRE-chT 50th"]
[Site "Nikaia"]
[Date "2023.08.26"]
[Round "3.6"]
[White "Koutsouraki, Ariadni"]
[Black "Nikolaki, Dimitria"]
[Result "1-0"]
[WhiteElo "1556"]
[BlackElo "1270"]
[PlyCount "71"]
[EventDate "2023.08.25"]
[EventType "team"]
[EventRounds "9"]
[EventCountry "GRE"]
[SourceTitle "EXT 2024"]
[Source "ChessBase"]
[SourceDate "2023.10.10"]
[SourceVersion "1"]
[SourceVersionDate "2023.10.10"]
[SourceQuality "1"]
[WhiteTeam "Thessaloniki Aris"]
[BlackTeam "Papaphi Khronikon"]
[WhiteTeamCountry "GRE"]
[BlackTeamCountry "GRE"]

1. c4 c5 2. Nf3 Nf6 3. Nc3 Nc6 4. e3 g6 5. d4 d6 6. d5 Ne5 7. Nxe5 dxe5 8. e4 Bg7 9. Be3 Qa5 10. f3 0-0 11. Be2 Rd8 12. 0-0 Bd7 13. a3 Ne8 14. Rb1 Qc7 15. Qc2 Nd6 16. Rfc1 f5 17. Nb5 Qc8 18. Nc3 e6 19. Rd1 f4 20. Bf2 h6 21. dxe6 Bxe6 22. Nd5 Bxd5 23. Rxd5 b6 24. Rbd1 Nf7 25. b4 cxb4 26. axb4 Qc7 27. c5 bxc5 28. bxc5 Rac8 29. Qa4 Bf8 30. Ba6 Rb8 31. h3 Rxd5 32. Rxd5 Rb1+ 33. Kh2 Rb2 34. Rd7 Qb8 35. Bc4 Rb7 36. Bxf7+ 1-0

[Event "GRE-chT 49th"]
[Site "Thessaloniki"]
[Date "2022.08.15"]
[Round "5"]
[White "Tsampouli, Vasiliki"]
[Black "Nikolaki, Dimitria"]
[Result "1-0"]
[WhiteElo "1556"]
[BlackElo "1314"]
[PlyCount "41"]
[EventDate "2022.08.12"]
[EventType "team-swiss"]
[EventRounds "7"]
[EventCountry "GRE"]
[SourceTitle "EXT 2024"]
[Source "ChessBase"]
[SourceDate "2023.10.10"]
[SourceVersion "1"]
[SourceVersionDate "2023.10.10"]
[SourceQuality "1"]
[WhiteTeam "Kalamarias"]
[BlackTeam "Eso Papafe Chronikon"]
[WhiteTeamCountry "GRE"]
[BlackTeamCountry "GRE"]

1. e4 e5 2. Nf3 Nc6 3. Bc4 Nf6 4. d3 Bc5 5. 0-0 d6 6. c3 Bb6 7. Bb3 Bg4 8. h3 Bh5 9. Nbd2 0-0 10. Re1 Re8 11. Nf1 d5 12. Qe2 d4 13. Ng3 Bg6 14. Bg5 h6 15. Bh4 Na5 16. Ba4 Nc6 17. Nh2 Bh7 18. Ng4 Re6 19. Bb3 Rd6 20. Nh5 dxc3 21. bxc3 1-0

[Event "GRE-chT 47th"]
[Site "Patras"]
[Date "2019.07.05"]
[Round "5.6"]
[White "Nikolaki, Dimitria"]
[Black "Kaliontzaki, Argyro Evanthia"]
[Result "0-1"]
[WhiteElo "1323"]
[BlackElo "1324"]
[PlyCount "134"]
[EventDate "2019.07.02"]
[EventType "team-swiss"]
[EventRounds "7"]
[EventCountry "GRE"]
[SourceTitle "CBM 191 Extra"]
[Source "ChessBase"]
[SourceDate "2019.09.30"]
[SourceVersion "1"]
[SourceVersionDate "2019.09.30"]
[SourceQuality "1"]
[WhiteTeam "The Police"]
[BlackTeam "Chania OA"]
[WhiteTeamCountry "GRE"]
[BlackTeamCountry "GRE"]

1. d4 Nf6 2. Nf3 e6 3. Bf4 c5 4. e3 cxd4 5. exd4 b6 6. Bd3 Bb7 7. Nbd2 Be7 8. h3 0-0 9. 0-0 d6 10. Bg3 Re8 11. Re1 a6 12. a4 Bf8 13. Bf1 Nbd7 14. a5 b5 15. c4 Bc6 16. d5 exd5 17. Nd4 Rxe1 18. Qxe1 Qc7 19. cxb5 Bxb5 20. Bxb5 axb5 21. Nxb5 Qc5 22. Qf1 Rb8 23. Nc3 Qb4 24. Qd3 Nc5 25. Qe2 d4 26. Nce4 Nfxe4 27. Nxe4 d3 28. Qe3 Qxe4 29. Qxe4 Nxe4 30. Bf4 Nc5 31. Be3 Nb3 32. Rd1 Nxa5 33. Rxd3 Rxb2 34. Rc3 Rb8 35. Bf4 f6 36. Rd3 Rd8 37. Rd5 Nc6 38. Kf1 Kf7 39. Ke2 Ke6 40. Rd3 d5 41. Re3+ Kf7 42. Kd3 Bd6 43. Bxd6 Rxd6 44. Re1 d4 45. Rb1 Ne5+ 46. Kd2 d3 47. Rc1 Rc6 48. Rxc6 Nxc6 49. Kxd3 Ke6 50. Ke4 f5+ 51. Kf4 Kf6 52. h4 Ne5 53. g3 Nd3+ 54. Ke3 Nc5 55. f3 g5 56. hxg5+ Kxg5 57. Kd4 f4 58. g4 Nd7 59. Kd3 Nf6 60. Ke2 Nxg4 61. fxg4 Kxg4 62. Kf2 h5 63. Kg2 h4 64. Kh2 h3 65. Kg1 f3 66. Kh1 f2 67. Kh2 Kf3 0-1

[Event "GRE-chT 47th"]
[Site "Patras"]
[Date "2019.07.05"]
[Round "6.4"]
[White "Nikolaki, Dimitria"]
[Black "Kyriakidou, Chrysa"]
[Result "0-1"]
[WhiteElo "1323"]
[BlackElo "1338"]
[PlyCount "90"]
[EventDate "2019.07.02"]
[EventType "team-swiss"]
[EventRounds "7"]
[EventCountry "GRE"]
[SourceTitle "CBM 191 Extra"]
[Source "ChessBase"]
[SourceDate "2019.09.30"]
[SourceVersion "1"]
[SourceVersionDate "2019.09.30"]
[SourceQuality "1"]
[WhiteTeam "The Police"]
[BlackTeam "Heraklion OF"]
[WhiteTeamCountry "GRE"]
[BlackTeamCountry "GRE"]

1. d4 d5 2. c4 c6 3. cxd5 cxd5 4. Bf4 Nf6 5. e3 Nc6 6. Nc3 a6 7. Bd3 Bg4 8. Nge2 e6 9. h3 Bh5 10. 0-0 Bd6 11. Bxd6 Qxd6 12. a3 Bg6 13. Nf4 Bxd3 14. Nxd3 0-0 15. Na4 Ra7 16. Ndc5 b5 17. Nc3 e5 18. Nb3 Rd8 19. dxe5 Nxe5 20. Nd4 Rad7 21. a4 b4 22. Nce2 Ne4 23. Rc1 Rc7 24. Rxc7 Qxc7 25. Nf4 Qd7 26. Qe2 Qxa4 27. b3 Qa5 28. Nc2 Nc3 29. Qh5 Ng6 30. Nxg6 hxg6 31. Qg5 Re8 32. Qg4 Rb8 33. Ra1 Qb6 34. Qg5 a5 35. Qe5 Rc8 36. Nd4 a4 37. h4 a3 38. Kh1 Nb5 39. Qxd5 Nxd4 40. exd4 Qc6 41. Qg5 Qc3 42. Rg1 a2 43. Qa5 Qxb3 44. Kh2 Qc4 45. Ra1 b3 0-1

[Event "GRE-ch U16 Girls"]
[Site "Patras"]
[Date "2019.06.30"]
[Round "6.6"]
[White "Nikolaki, Dimitria"]
[Black "Koukouraki, Hrisi"]
[Result "0-1"]
[WhiteElo "1330"]
[BlackElo "1319"]
[PlyCount "156"]
[EventDate "2019.06.25"]
[EventType "swiss"]
[EventRounds "7"]
[EventCountry "GRE"]
[SourceTitle "EXT 2020"]
[Source "ChessBase"]
[SourceDate "2019.10.17"]
[SourceVersion "1"]
[SourceVersionDate "2019.10.17"]
[SourceQuality "1"]
[WhiteTeam "Greece"]
[BlackTeam "Greece"]
[WhiteTeamCountry "GRE"]
[BlackTeamCountry "GRE"]

1. d4 Nf6 2. Nf3 g6 3. c4 Bg7 4. Nc3 0-0 5. h3 d6 6. Bf4 b6 7. Qc2 Bb7 8. Rd1 Nbd7 9. e3 a6 10. Be2 Qe8 11. Bh2 e5 12. dxe5 Nxe5 13. Nd5 Rc8 14. 0-0 Nfd7 15. b4 f5 16. a3 Qf7 17. Ng5 Qe8 18. Nf4 Rf6 19. Nd5 Rf8 20. Qa2 Kh8 21. Rd2 h6 22. Nf3 Nf6 23. Rc2 Ne4 24. Nd4 Nc6 25. Nf3 Ne5 26. Nf4 Qf7 27. Nd4 Rce8 28. Nd5 Nc6 29. Nf3 Ne5 30. Rd1 Nf6 31. a4 Kh7 32. Kh1 Kh8 33. Nd4 Nc6 34. Nf3 Nxd5 35. cxd5 Nxb4 36. Qb3 Nxc2 37. Qxc2 a5 38. Bc4 Re7 39. Kg1 Ra8 40. Qd3 Rae8 41. Bb3 Qf6 42. Nd4 Qf7 43. Ne6 Be5 44. Bxe5+ dxe5 45. Nxc7 Rxc7 46. d6 Qd7 47. dxc7 Qxc7 48. Qd7 Re7 49. Qd8+ Qxd8 50. Rxd8+ Kg7 51. Bc4 Rc7 52. Bb5 Bc6 53. Rb8 Rb7 54. Rxb7+ Bxb7 55. Kf1 Kf6 56. f3 Ke6 57. Ke2 Kd5 58. Kd3 g5 59. Bd7 Ba6+ 60. Kc3 f4 61. e4+ Kc5 62. h4 Bf1 63. hxg5 hxg5 64. Bh3 Be2 65. Bd7 b5 66. axb5 Bxb5 67. Be6 a4 68. Kd2 Bc4 69. Bd7 a3 70. Kc2 Kd4 71. Bc8 Ke3 72. Kc3 Bf1 73. Bh3 Kf2 74. Kb3 a2 75. Kxa2 Bxg2 76. Bxg2 Kxg2 77. Kb3 Kxf3 78. Kc3 Kxe4 0-1

[Event "GRE-ch U16 Girls"]
[Site "Patras"]
[Date "2019.06.28"]
[Round "4.9"]
[White "Matthaiaki, Nefeli"]
[Black "Nikolaki, Dimitria"]
[Result "1/2-1/2"]
[WhiteElo "1342"]
[BlackElo "1330"]
[PlyCount "144"]
[EventDate "2019.06.25"]
[EventType "swiss"]
[EventRounds "7"]
[EventCountry "GRE"]
[SourceTitle "EXT 2020"]
[Source "ChessBase"]
[SourceDate "2019.10.17"]
[SourceVersion "1"]
[SourceVersionDate "2019.10.17"]
[SourceQuality "1"]
[WhiteTeam "Greece"]
[BlackTeam "Greece"]
[WhiteTeamCountry "GRE"]
[BlackTeamCountry "GRE"]

1. e4 c6 2. d4 d5 3. Nc3 dxe4 4. Nxe4 Bf5 5. Ng3 Bg6 6. f4 h6 7. Nf3 Nf6 8. Bd3 Bxd3 9. Qxd3 Nbd7 10. 0-0 e6 11. f5 Qb6 12. fxe6 fxe6 13. Re1 0-0-0 14. Rxe6 Re8 15. Rxe8+ Nxe8 16. c3 Qd8 17. Ne4 Nef6 18. Bf4 Nh5 19. Qd2 Nxf4 20. Qxf4 Qc7 21. Qxc7+ Kxc7 22. Re1 Bd6 23. Nxd6 Kxd6 24. Nh4 Rf8 25. Nf3 Rf7 26. Ne5 Nxe5 27. Rxe5 b6 28. Re3 Kd5 29. b3 c5 30. dxc5 Kxc5 31. Re5+ Kd6 32. Re3 Kc5 33. g3 Kd5 34. Kg2 Kc5 35. h4 b5 36. Rd3 b4 37. c4 Kc6 38. Rd5 a6 39. Ra5 Kb6 40. Re5 Kc6 41. Re6+ Kb7 42. c5 Rc7 43. Rb6+ Ka7 44. Rxb4 Rxc5 45. Rc4 Kb6 46. Kf3 a5 47. Re4 Rc2 48. Ra4 Kb5 49. Kf4 Rc5 50. Re4 Rc2 51. Ra4 Rc5 52. Re4 Rc2 53. a4+ Kb6 54. Re6+ Kc5 55. Rg6 Kb4 56. Rb6+ Ka3 57. Ra6 Rc5 58. Rb6 Rc7 59. Rb5 Ra7 60. h5 Rf7+ 61. Rf5 Rxf5+ 62. Kxf5 Kxb3 63. Kg6 Kxa4 64. Kxg7 Kb5 65. Kxh6 a4 66. g4 a3 67. g5 a2 68. g6 a1Q 69. g7 Qf6+ 70. Kh7 Qf5+ 71. Kh6 Qd5 72. g8Q Qxg8 1/2-1/2

[Event "GRE-ch U20 Girls"]
[Site "Trikala"]
[Date "2019.05.05"]
[Round "6"]
[White "Nikolaki, Dimitria"]
[Black "Mihailidou, Magdalini"]
[Result "0-1"]
[WhiteElo "1346"]
[BlackElo "1797"]
[PlyCount "50"]
[EventDate "2019.04.30"]
[EventType "swiss"]
[EventRounds "7"]
[EventCountry "GRE"]
[SourceTitle "CBM 190 Extra"]
[Source "ChessBase"]
[SourceDate "2019.07.15"]
[SourceVersion "1"]
[SourceVersionDate "2019.07.15"]
[SourceQuality "1"]

1. d4 Nf6 2. Nf3 e6 3. e3 b6 4. Nbd2 Bb7 5. Bd3 d5 6. b3 Bd6 7. Bb2 Nbd7 8. 0-0 0-0 9. Ne5 c5 10. Nxd7 Nxd7 11. c4 Nf6 12. cxd5 exd5 13. dxc5 bxc5 14. Bf5 Re8 15. Qc2 h6 16. Rfe1 a5 17. e4 Nxe4 18. Nxe4 dxe4 19. Rad1 Qc7 20. h3 Rad8 21. Ra1 Qc6 22. Re2 g6 23. Bxg6 fxg6 24. Rae1 Be5 25. Ba3 Bd4 0-1

[Event "Thessaloniki/Chalkidiki-chT"]
[Site "Thessaloniki/Chalkidiki"]
[Date "2019.03.24"]
[Round "9.7"]
[White "Nikolaki, Dimitria"]
[Black "Pateraki, Kleopatra"]
[Result "1-0"]
[WhiteElo "1373"]
[BlackElo "1236"]
[PlyCount "83"]
[EventDate "2019.01.13"]
[EventType "team-tourn"]
[EventRounds "9"]
[EventCountry "GRE"]
[SourceTitle "EXT 2020"]
[Source "ChessBase"]
[SourceDate "2019.10.17"]
[SourceVersion "1"]
[SourceVersionDate "2019.10.17"]
[SourceQuality "1"]
[WhiteTeam "Polichnis"]
[BlackTeam "Keravnos MAPO"]
[WhiteTeamCountry "GRE"]
[BlackTeamCountry "GRE"]

1. d4 Nf6 2. Bf4 g6 3. Nf3 Bg7 4. c3 d6 5. Nbd2 0-0 6. h3 Nbd7 7. e4 Qe8 8. Be2 e5 9. dxe5 dxe5 10. Be3 Qe7 11. 0-0 b6 12. Qc2 Bb7 13. b4 Ne8 14. Nc4 Nd6 15. Bd3 Rad8 16. Nxd6 Qxd6 17. Rfd1 Qc6 18. Nd2 Nf6 19. Rac1 Nh5 20. c4 Qd6 21. Nf3 Nf4 22. c5 Qf6 23. Bf1 Nxh3+ 24. gxh3 Qxf3 25. Bg2 Qf6 26. Kh2 Rxd1 27. Rxd1 Qe6 28. a4 f5 29. exf5 Qc8 30. c6 Ba8 31. fxg6 hxg6 32. Qxg6 Rf6 33. Qg3 Bxc6 34. Bxc6 Rxc6 35. Qh4 Rd6 36. Qc4+ Qe6 37. Qxe6+ Rxe6 38. Rd7 Rc6 39. Rd8+ Bf8 40. b5 Rd6 41. Ra8 Kf7 42. Rxa7 1-0

[Event "Thessaloniki/Chalkidiki-chT"]
[Site "Thessaloniki/Chalkidiki"]
[Date "2019.01.20"]
[Round "2.7"]
[White "Soulele, Christina"]
[Black "Nikolaki, Dimitria"]
[Result "0-1"]
[WhiteElo "1052"]
[BlackElo "1373"]
[PlyCount "64"]
[EventDate "2019.01.13"]
[EventType "team-tourn"]
[EventRounds "9"]
[EventCountry "GRE"]
[SourceTitle "EXT 2020"]
[Source "ChessBase"]
[SourceDate "2019.10.17"]
[SourceVersion "1"]
[SourceVersionDate "2019.10.17"]
[SourceQuality "1"]
[WhiteTeam "Thessaloniki Aris"]
[BlackTeam "Polichnis"]
[WhiteTeamCountry "GRE"]
[BlackTeamCountry "GRE"]

1. e4 c6 2. Nc3 d5 3. d3 d4 4. Nce2 e5 5. Nf3 Qc7 6. g3 Nf6 7. Bg2 Be7 8. 0-0 h6 9. Bd2 Be6 10. c3 c5 11. b4 b6 12. Rc1 Qd6 13. a4 Nbd7 14. Ra1 Qb8 15. a5 dxc3 16. Bxc3 cxb4 17. Bd2 0-0 18. Nc1 bxa5 19. Rxa5 Bd8 20. Ra4 a5 21. d4 Bc4 22. Re1 Bc7 23. Bf1 Bxf1 24. Rxf1 Nxe4 25. Re1 Qb7 26. Qc2 Nxd2 27. Nxd2 exd4 28. Re7 Bd6 29. Re4 Rfc8 30. Qb2 Nc5 31. Rxd4 Nxa4 32. Qa1 Be5 0-1

[Event "GRE-ch U18 Girls"]
[Site "Rethymno"]
[Date "2019.01.03"]
[Round "2"]
[White "Nikolaki, Dimitria"]
[Black "Chasouraki, Chrysi"]
[Result "1-0"]
[WhiteElo "1373"]
[BlackElo "1094"]
[PlyCount "67"]
[EventDate "2019.01.02"]
[EventType "swiss"]
[EventRounds "7"]
[EventCountry "GRE"]
[SourceTitle "CBM 188 Extra"]
[Source "ChessBase"]
[SourceDate "2019.02.26"]
[SourceVersion "1"]
[SourceVersionDate "2019.02.26"]
[SourceQuality "1"]

1. d4 d5 2. Nf3 e6 3. Bf4 Nf6 4. e3 Be7 5. h3 Nbd7 6. Nbd2 0-0 7. Bd3 c6 8. 0-0 b6 9. Bh2 Bb7 10. Ne5 Bd6 11. Bf4 Qc7 12. Ndf3 Ne8 13. Nxd7 Qxd7 14. Bxd6 Nxd6 15. Ne5 Qe7 16. Qh5 h6 17. f4 c5 18. c3 Ne8 19. g4 Nf6 20. Qh4 cxd4 21. exd4 Rae8 22. Kh2 Ne4 23. Qh5 Ba8 24. Rg1 Qc7 25. Raf1 Bb7 26. Qh4 Bc8 27. Kh1 Bb7 28. g5 hxg5 29. fxg5 Qe7 30. Qh5 Rc8 31. Rg4 Rc7 32. Bxe4 dxe4 33. Rh4 e3+ 34. Kh2 1-0

[Event "Thessaloniki ESSTH HALK-ch U16 11th"]
[Site "Thessaloniki"]
[Date "2018.11.18"]
[Round "5.5"]
[White "Pateraki, Kleopatra"]
[Black "Nikolaki, Dimitria"]
[Result "1/2-1/2"]
[WhiteElo "1268"]
[BlackElo "1300"]
[PlyCount "157"]
[EventDate "2018.11.03"]
[EventType "swiss"]
[EventRounds "6"]
[EventCountry "GRE"]
[SourceTitle "EXT 2024"]
[Source "ChessBase"]
[SourceDate "2023.10.10"]
[SourceVersion "1"]
[SourceVersionDate "2023.10.10"]
[SourceQuality "1"]

1. e4 c5 2. Nf3 e6 3. d4 cxd4 4. Nxd4 Nf6 5. Nc3 Nc6 6. Ndb5 d6 7. Bf4 e5 8. Bg5 a6 9. Na3 Be7 10. Bxf6 Bxf6 11. Nc4 Nd4 12. Nd5 b5 13. Ncb6 Rb8 14. Nxc8 Rxc8 15. c3 Nc6 16. a4 Rb8 17. axb5 axb5 18. Ra6 Qc8 19. Rb6 Rxb6 20. Nxb6 Qb8 21. Nd5 Bd8 22. Be2 0-0 23. 0-0 Na5 24. Qd3 Nb3 25. Qxb5 Bg5 26. f4 exf4 27. Nxf4 Qxb5 28. Bxb5 Nd2 29. Rf2 Nxe4 30. Re2 Nxc3 31. bxc3 Bxf4 32. g3 Be5 33. c4 h6 34. Kg2 Bd4 35. Rd2 Bc5 36. Rd3 Ra8 37. Bc6 Ra2+ 38. Kh3 Rc2 39. Bd5 Rf2 40. Rb3 Rf1 41. Kg4 Rf2 42. Kh3 Kh7 43. Be4+ g6 44. Rb7 Kg7 45. Bd5 h5 46. Re7 Rf1 47. Bg2 Rc1 48. Bd5 Rf1 49. Bg2 Rf5 50. Bd5 Bg1 51. Re2 Bd4 52. Re4 Be5 53. Bc6 Kf6 54. Re2 Rf1 55. Kg2 Rc1 56. Bd5 Ke7 57. Ra2 Bd4 58. Re2+ Kf6 59. Re4 Be5 60. Re3 Rc2+ 61. Kh1 Rf2 62. Kg1 Rf5 63. Kg2 Bd4 64. Re2 g5 65. Rd2 Bc5 66. Be4 Re5 67. Bd5 g4 68. Rd1 Re2+ 69. Kh1 Rf2 70. Rb1 Kg5 71. Bg2 f6 72. Rf1 Rxf1+ 73. Bxf1 h4 74. Kg2 hxg3 75. Kxg3 f5 76. h4+ gxh3 77. Bxh3 f4+ 78. Kf3 Be3 79. Be6 1/2-1/2

[Event "GRE-ch U14 Girls"]
[Site "Rio Achaia"]
[Date "2018.07.08"]
[Round "8"]
[White "Aggeletou, Fereniki"]
[Black "Nikolaki, Dimitria"]
[Result "0-1"]
[WhiteElo "1178"]
[BlackElo "1320"]
[PlyCount "96"]
[EventDate "2018.07.03"]
[EventType "swiss"]
[EventRounds "9"]
[EventCountry "GRE"]
[SourceTitle "EXT 2019"]
[Source "ChessBase"]
[SourceDate "2018.10.10"]
[SourceVersion "1"]
[SourceVersionDate "2018.10.10"]
[SourceQuality "1"]

1. e4 c5 2. Nf3 e6 3. d4 cxd4 4. Nxd4 Nf6 5. Nc3 Nc6 6. Ndb5 d6 7. Bf4 e5 8. Bg5 a6 9. Na3 Be7 10. Bxf6 Bxf6 11. Nd5 b5 12. c4 b4 13. Nc2 a5 14. Bd3 0-0 15. 0-0 Bg5 16. Nce3 Nd4 17. Nc2 Ne6 18. Nce3 Nf4 19. Nxf4 Bxf4 20. Nd5 Bh6 21. f4 exf4 22. Nxf4 Qh4 23. g3 Qe7 24. Nd5 Qa7+ 25. Kh1 Bh3 26. Re1 Qf2 27. Rg1 Qxb2 28. Nf4 Bd7 29. Rg2 Qe5 30. Qg1 Bc6 31. Nd5 Bxd5 32. cxd5 Rac8 33. Rc2 Rc3 34. Rxc3 Qxc3 35. Qb1 g6 36. a3 bxa3 37. Ra2 Qb4 38. Qa1 Bg7 39. Qc1 Bb2 40. Qc4 Qe1+ 41. Kg2 Qb4 42. Kh1 Rb8 43. Kg2 Be5 44. Kh1 Qe1+ 45. Bf1 Rb1 46. Kg2 Rb2+ 47. Kg1 Qf2+ 48. Kh1 Qxh2# 0-1

[Event "GRE-ch U14 Girls"]
[Site "Rio Achaia"]
[Date "2018.07.06"]
[Round "6"]
[White "Pessiridi, Christiana"]
[Black "Nikolaki, Dimitria"]
[Result "0-1"]
[WhiteElo "1013"]
[BlackElo "1320"]
[PlyCount "102"]
[EventDate "2018.07.03"]
[EventType "swiss"]
[EventRounds "9"]
[EventCountry "GRE"]
[SourceTitle "EXT 2019"]
[Source "ChessBase"]
[SourceDate "2018.10.10"]
[SourceVersion "1"]
[SourceVersionDate "2018.10.10"]
[SourceQuality "1"]

1. e4 c5 2. Nc3 Nc6 3. f4 e6 4. Bc4 a6 5. a4 Nge7 6. d3 d5 7. Ba2 d4 8. Nce2 Ng6 9. Nf3 Be7 10. 0-0 0-0 11. Ng3 Qc7 12. f5 exf5 13. exf5 Nh4 14. Nxh4 Bxh4 15. Bf4 Qb6 16. Qg4 Bxg3 17. Bh6 Be5 18. Rfe1 Bxf5 19. Qxf5 gxh6 20. Re4 Bg7 21. Rg4 Ne7 22. Qf3 Ng6 23. Qg3 Qxb2 24. Qe1 Qxc2 25. Qf1 Rae8 26. Bd5 Qe2 27. Qxe2 Rxe2 28. Bxb7 a5 29. h4 Rb8 30. Bf3 Rd2 31. Be4 Ne5 32. Rg3 Rb3 33. Kh2 Nxd3 34. Bxd3 Rdxd3 35. Rg4 Re3 36. Rc1 Rbc3 37. Rb1 Rb3 38. Rc1 f5 39. Rf4 Be5 40. Rcf1 Bxf4+ 41. Rxf4 Re5 42. h5 d3 43. Rf3 c4 44. Rg3+ Kf7 45. Kh3 d2 46. Rxb3 cxb3 47. Kg3 d1Q 48. Kh2 Qxh5+ 49. Kg3 Qg4+ 50. Kh2 Qh4+ 51. Kg1 Re1# 0-1

[Event "GRE-chT U16 9th"]
[Site "Thessaloniki"]
[Date "2016.12.17"]
[Round "4.6"]
[White "Nikolaki, Dimitria"]
[Black "Batsi, Eleni"]
[Result "1-0"]
[WhiteElo "1174"]
[BlackElo "1032"]
[PlyCount "113"]
[EventDate "2016.12.15"]
[EventType "team-swiss"]
[EventRounds "6"]
[EventCountry "GRE"]
[SourceTitle "CBM 176 Extra"]
[Source "ChessBase"]
[SourceDate "2017.03.02"]
[SourceVersion "1"]
[SourceVersionDate "2017.03.02"]
[SourceQuality "1"]
[WhiteTeam "Polichnis"]
[BlackTeam "Triandrias"]
[WhiteTeamCountry "GRE"]
[BlackTeamCountry "GRE"]

1. d4 Nf6 2. c4 e6 3. Nc3 Bb4 4. a3 Bxc3+ 5. bxc3 h6 6. Nf3 0-0 7. Bf4 d6 8. h3 Nbd7 9. e3 b6 10. Be2 Bb7 11. 0-0 Re8 12. Qc2 e5 13. Bg3 c5 14. d5 Qc7 15. Nd2 a6 16. Rfd1 e4 17. Nf1 Rab8 18. Rab1 Ne5 19. Bh2 Ned7 20. Rb2 Ba8 21. Qa4 a5 22. Qc2 Rf8 23. Ng3 Rfe8 24. Nf5 Ne5 25. Rdb1 Kh7 26. Ng3 Ned7 27. Bf3 Kg8 28. Nxe4 Nxe4 29. Bxe4 Ne5 30. Qe2 Nd7 31. Bc2 Nf6 32. Qf3 Rb7 33. Qf5 Reb8 34. e4 b5 35. e5 dxe5 36. Bxe5 Qe7 37. Bxb8 Rxb8 38. Rxb5 Rxb5 39. Qc8+ Qf8 40. Qxf8+ Kxf8 41. Rxb5 Bxd5 42. cxd5 Nxd5 43. Rxc5 Nb6 44. Rxa5 Nd7 45. Rb5 g5 46. a4 Nf6 47. a5 Ne8 48. a6 Nc7 49. a7 Ke7 50. Rb7 Kd6 51. Rxc7 Kxc7 52. a8Q Kd6 53. Qd8+ Ke6 54. Bb3+ Kf5 55. Qe7 Kf4 56. g3+ Kf3 57. Bd1# 1-0

[Event "GRE-chT U16 9th"]
[Site "Thessaloniki"]
[Date "2016.12.16"]
[Round "3.6"]
[White "Betsakou, Sofia"]
[Black "Nikolaki, Dimitria"]
[Result "0-1"]
[WhiteElo "1099"]
[BlackElo "1174"]
[PlyCount "46"]
[EventDate "2016.12.15"]
[EventType "team-swiss"]
[EventRounds "6"]
[EventCountry "GRE"]
[SourceTitle "CBM 176 Extra"]
[Source "ChessBase"]
[SourceDate "2017.03.02"]
[SourceVersion "1"]
[SourceVersionDate "2017.03.02"]
[SourceQuality "1"]
[WhiteTeam "Triandrias"]
[BlackTeam "Polichnis"]
[WhiteTeamCountry "GRE"]
[BlackTeamCountry "GRE"]

1. d4 d5 2. c4 e6 3. Nc3 Nf6 4. Bg5 Nbd7 5. a3 c6 6. Qa4 Nb6 7. Qc2 Nxc4 8. e3 Be7 9. Bxc4 dxc4 10. Nge2 Qa5 11. f3 Qxg5 12. Nf4 e5 13. dxe5 Qxe5 14. Qe2 0-0 15. 0-0 Bc5 16. Rfe1 Qxf4 17. Kh1 Qe5 18. e4 Bd6 19. g3 Bc7 20. Qxc4 Qh5 21. f4 Qf3+ 22. Kg1 Bb6+ 23. Re3 Bxe3# 0-1

[Event "GRE-ch U12 Girls"]
[Site "Porto Rio"]
[Date "2016.07.03"]
[Round "8"]
[White "Matthaiaki, Nefeli"]
[Black "Nikolaki, Dimitria"]
[Result "0-1"]
[WhiteElo "1118"]
[BlackElo "1249"]
[PlyCount "104"]
[EventDate "2016.06.28"]
[EventType "swiss"]
[EventRounds "9"]
[EventCountry "GRE"]
[SourceTitle "CBM 173 Extra"]
[Source "ChessBase"]
[SourceDate "2016.08.29"]
[SourceVersion "1"]
[SourceVersionDate "2016.08.29"]
[SourceQuality "1"]

1. e4 c5 2. Nf3 e6 3. d4 cxd4 4. Nxd4 Nf6 5. Nd2 Nc6 6. c3 Bc5 7. N4b3 Bb6 8. Bd3 0-0 9. 0-0 d5 10. Qc2 Ne5 11. Be2 Bc7 12. f4 Bb6+ 13. Kh1 Neg4 14. e5 Ne3 15. Qd3 Nxf1 16. exf6 Ne3 17. Nd4 Bxd4 18. cxd4 Nf5 19. fxg7 Nxg7 20. Qh3 e5 21. Qe3 exd4 22. Qxd4 Re8 23. Bf1 Re1 24. Qf2 Re6 25. f5 Rf6 26. Qh4 Bxf5 27. Nf3 Rg6 28. Bg5 Qd6 29. Bf4 Qf6 30. Be5 Qxh4 31. Nxh4 Rg5 32. Bf6 Rh5 33. Be2 Rh6 34. Bxg7 Rxh4 35. Bf6 Rb4 36. Rd1 Be6 37. Rd3 Rc8 38. Bc3 Re4 39. Bf3 Rf4 40. g3 Rxf3 41. Rxf3 d4 42. Bxd4 Bd5 43. Kg2 Rc2+ 44. Kf1 Bxf3 45. h3 Bg2+ 46. Kg1 Bxh3 47. Bxa7 Rxb2 48. a3 Rg2+ 49. Kh1 Rxg3 50. Bc5 Rg6 51. Kh2 Bd7 52. Bb4 f5 0-1

[Event "GRE-ch U12 Girls"]
[Site "Porto Rio"]
[Date "2016.06.30"]
[Round "4"]
[White "Nikolaki, Dimitria"]
[Black "Apostolidou, Eleni"]
[Result "1-0"]
[WhiteElo "1249"]
[BlackElo "1247"]
[PlyCount "111"]
[EventDate "2016.06.28"]
[EventType "swiss"]
[EventRounds "9"]
[EventCountry "GRE"]
[SourceTitle "CBM 173 Extra"]
[Source "ChessBase"]
[SourceDate "2016.08.29"]
[SourceVersion "1"]
[SourceVersionDate "2016.08.29"]
[SourceQuality "1"]

1. d4 d5 2. Nf3 e6 3. Bf4 Bd6 4. Bg3 Nf6 5. e3 b6 6. Nbd2 Bb7 7. Bd3 0-0 8. Ne5 Nbd7 9. Ndf3 Ne4 10. Nxd7 Qxd7 11. Ne5 Qd8 12. Qg4 Be7 13. 0-0 a6 14. f3 f5 15. Qh5 Nxg3 16. hxg3 Rf6 17. f4 Rh6 18. Qe2 c5 19. Kf2 c4 20. Bxc4 dxc4 21. Qxc4 a5 22. Rh1 Bd5 23. Qb5 Rc8 24. c4 Rxh1 25. Rxh1 Be4 26. Nf3 Bxf3 27. Kxf3 Qc7 28. b3 Qc6+ 29. Qxc6 Rxc6 30. Re1 Bb4 31. Rd1 Rd6 32. e4 Bc3 33. d5 exd5 34. cxd5 fxe4+ 35. Kxe4 Kf7 36. Rc1 Bb4 37. Ke5 Rd7 38. Rc6 Bc5 39. d6 Ke8 40. Rc8+ Rd8 41. Rc6 Rd7 42. Ke6 Rd8 43. f5 h6 44. g4 Kf8 45. d7 Be7 46. Rxb6 Bb4 47. Rc6 Be7 48. Ra6 Bb4 49. a3 Be1 50. Rb6 Bd2 51. b4 axb4 52. axb4 Bf4 53. Rc6 Bg5 54. b5 Bf4 55. Rc8 Bg5 56. b6 1-0

[Event "GRE-chT 43rd"]
[Site "Porto Rio"]
[Date "2015.10.12"]
[Round "7.8"]
[White "Fragou, Maria V"]
[Black "Nikolaki, Dimitria"]
[Result "1-0"]
[WhiteElo "1290"]
[BlackElo "1161"]
[PlyCount "67"]
[EventDate "2015.10.08"]
[EventType "team-swiss"]
[EventRounds "7"]
[EventCountry "GRE"]
[SourceTitle "CBM 168 Extra"]
[Source "ChessBase"]
[SourceDate "2015.10.29"]
[SourceVersion "1"]
[SourceVersionDate "2015.10.29"]
[SourceQuality "1"]
[WhiteTeam "Kalamata Poseidon"]
[BlackTeam "Polichnis"]
[WhiteTeamCountry "GRE"]
[BlackTeamCountry "GRE"]

1. d4 d5 2. Nf3 Nf6 3. e3 Bg4 4. Be2 e6 5. 0-0 Bd6 6. b3 0-0 7. Bb2 c6 8. c4 b6 9. Ne5 Bxe2 10. Qxe2 Qc7 11. Nd2 Nbd7 12. f4 Ne4 13. cxd5 exd5 14. Nxe4 dxe4 15. Rac1 Nxe5 16. fxe5 Be7 17. d5 Bg5 18. Rxc6 Qd7 19. Rd1 Rfe8 20. Rd6 Qb7 21. Bd4 Rac8 22. Qb5 Red8 23. Rxd8+ Rxd8 24. d6 h6 25. Re1 Qc8 26. Qc4 Qe6 27. Qa6 Rd7 28. Rc1 Bd8 29. Qc8 Qe8 30. Rc7 Rxc7 31. dxc7 Qf8 32. cxd8Q Qxd8 33. Qxd8+ Kh7 34. Qe7 1-0